000 00455nam a22001817a 4500
003 MPLRDC
005 20220104124802.0
008 210129b ||||| |||| 00| 0 eng d
020 _a7-5315-0845-1
082 _a719 SJMZ v.4
100 _a郝勇编
245 _a世界名珍识认: 名树名花
_c
250 _a一版一刷
260 _a
_b辽宁少年儿童出版社
_c1991
300 _b
650 _a世界游记
942 _cBK
_o719 SJMZ v.4
999 _c22138
_d22128